| 000 | 00588pam a2200205 a 4500 | ||
|---|---|---|---|
| 020 | _c1156.40 | ||
| 040 | _aMedical College Libr | ||
| 041 |
_aENG _hENG |
||
| 082 |
_a618 _bBON |
||
| 100 | _aBonner, John. | ||
| 245 |
_aRecent Advances in Obstetrics & Gynaecology No - 23 / _c _hTextual Documents |
||
| 250 |
_a23rd / _b. |
||
| 260 |
_a : _bRoyal Society of Medicine Press Limited , _c2005. |
||
| 300 |
_a1264 : _bCXXXiV ; _c . |
||
| 365 | _a1156.40 | ||
| 653 |
_aObst & Gynac _aMedical Science |
||
| 930 | _a7621 | ||
| 999 |
_c7620 _d7620 |
||